駅名に「萩」を含む駅 - Statistics

General Stats
  • This quiz has been taken 28 times
  • The average score is 11 of 16
Answer Stats
Hint Answer % Correct
高萩市 高萩
100%
萩市
100%
一宮市 萩原
94%
北九州市 萩原
94%
萩市 東萩
88%
白老町 萩野
81%
東村山市 萩山
81%
下呂市 飛騨萩原
69%
堺市 萩原天神
69%
日高市 武蔵高萩
63%
飯豊町 萩生
56%
生駒市 萩の台
50%
北九州市 香春口三萩野
44%
新居浜市 中萩
38%
大阪市 萩ノ茶屋
31%
富山市 萩浦小学校前
25%
No matching quizzes found
Score Distribution
Percent of People with Each Score
Percentile by Number Answered
Your Score History
You have not taken this quiz